OPRATIONS RESEARCH. (Record no. 22314)

MARC details
000 -LEADER
fixed length control field 00383nam a22001697a 4500
003 - CONTROL NUMBER IDENTIFIER
control field SGT
020 ## - INTERNATIONAL STANDARD BOOK NUMBER
International Standard Book Number 978-81-284-3342-5
082 ## - DEWEY DECIMAL CLASSIFICATION NUMBER
Classification number 658.40
Item number O15M
100 ## - MAIN ENTRY--PERSONAL NAME
Personal name MUSTAFI, C.K.
245 ## - TITLE STATEMENT
Title OPRATIONS RESEARCH.
250 ## - EDITION STATEMENT
Edition statement 4TH
260 ## - PUBLICATION, DISTRIBUTION, ETC. (IMPRINT)
Place of publication, distribution, etc NEW DELHI
Name of publisher, distributor, etc NEW AGE INTERNATIONAL
Year of Publication 2015
300 ## - PAGE DESCRIPTION
No. of Pages 450
650 ## - SUBJECT ADDED ENTRY--TOPICAL TERM
Topical term or geographic name as entry element RESEARCH
653 ## - KEYWORDS--INDEX TERM
Keyword term OPRATION, RESEARCH
942 ## - ADDED ENTRY ELEMENTS (KOHA)
Source of classification or shelving scheme Dewey Decimal Classification
Koha item type Books
942 ## - ADDED ENTRY ELEMENTS (KOHA)
-- 1
Holdings
Withdrawn status Lost status Source of classification or shelving scheme Damaged status Not for loan Collection code Home library Current library Shelving location Date acquired Vendor Name Cost, normal purchase price SGTU Bill Number Total Checkouts Full call number Accession No. (Barcode) Date last seen Bill Date Koha item type Use restrictions Date last borrowed
    Dewey Decimal Classification     AYURVEDA SGT FA-FP Library SGT FA-FP Library Text Book 28/02/2022 SAVERA BOOK DISTRIBUTERS 295.00 SGTU 21-22/CRB/437   658.40 O15M FA10957 28/02/2022 13/01/2022 Books    
    Dewey Decimal Classification     AYURVEDA SGT FA-FP Library SGT FA-FP Library Text Book 28/02/2022 SAVERA BOOK DISTRIBUTERS 295.00 SGTU 21-22/CRB/437   658.40 O15M FA10958 28/02/2022 13/01/2022 Books    
    Dewey Decimal Classification     AYURVEDA SGT FA-FP Library SGT FA-FP Library Text Book 28/02/2022 SAVERA BOOK DISTRIBUTERS 295.00 SGTU 21-22/CRB/437   658.40 O15M FA10959 28/02/2022 13/01/2022 Books    
    Dewey Decimal Classification     AYURVEDA SGT FA-FP Library SGT FA-FP Library Reference Book 28/02/2022 SAVERA BOOK DISTRIBUTERS 295.00 SGTU 21-22/CRB/437   658.40 O15M FA10960 28/02/2022 13/01/2022 Books Restricted Access  
    Dewey Decimal Classification     AYURVEDA SGT FA-FP Library SGT FA-FP Library Text Book 28/02/2022 SAVERA BOOK DISTRIBUTERS 295.00 SGTU 21-22/CRB/437 1 658.40 O15M FA10961 22/11/2023 13/01/2022 Books   09/11/2023